000 00651nam a22001817a 4500
003 NUST
005 20230124144347.0
020 _a9780860915379
082 _a809.91,JAM
100 _aJameson, Fredric
_9107537
245 _aPostomodernism :
_bor, the cultural logic of late capitalism /
_cFredric Jameson
260 _aVerso
_bLondon
_c1991
300 _axxii, 438 p
505 _aCulture (Page-1), Ideology (Page-55), Video (Page-67), Architecture (Page-97), Sentences (Page-131), Space (Page-154), Theory (Page-181), Economics (Page-260), Film (Page-297).
650 _aPostomodernism
_9107538
651 _aCulture
_9107539
942 _2ddc
_cBK
999 _c592979
_d592979